00979nam a22002417a 4500999001500000001000600015003000900021005001700030008004100047020001800088040004800106082002400154100002600178245010300204250001300307260004300320300003200363650004500395700002600440942001200466952012200478952013700600 c8135d813521677BD-DhUAP20220628121820.0220628b2018 bg ||||| |||| 000 0 eng d a9789849156444 aBD-DhUAPbengcBD-DhUAPdBD-DhUAPeBD-DhUAP 223a347.5492077 RAH aRahman,Md. Mukhlasur. aCommentaries On The specific relief act ,1877 :bA treatise on the subject /cMd. Mukhlasur Rahman a2nd. ed. aDhaka :bUniversal Book House ,c2021. a-lxix-,1058 pages ;b24 cm. aSpecific Relief Act, 1877. vBangladesh. aRahman Md. Mukhlasur. 2ddccBK 00102ddc4070aUAPCLbUAPCLcGeneral Stacksd2022-06-28o347.5492077 RAHp3010021677r2022-06-28t1w2022-06-28yBK 00102ddc4070aUAPCLbUAPCLcGeneral Stacksd2022-07-03l1o347.5492077 RAHp3010021698r2026-02-07s2026-01-25t2w2022-07-03yBK